000 00259 a2200109 4500
001 155201
040 _cEscola São Tomás de Aquino
240 1 0 _aO fascinante mundo animal
_lpor
245 1 0 _aO fascinante mundo animal
697 _aGENERALIDADES
942 _cBK
999 _c155201
_d155201